000
00343nam a22001457a 4500
008
230913b ||||| |||| 00| 0 eng d
020
_a
9780262581691
041
_a
eng
080
_a
521
082
_a
521HUG
100
_a
19
101
_a
ASTRO
245
_a
CLASSIC READINGS WITH A CONTEMPORARY COMMENTARY
_c
HUGGETT .N
942
_2
udc
_c
BK
999
_c
60375
_d
60375